Statistics for [Geometry Dash] Extreme Demons by Letter - L

Click here to take the quiz!

General Stats

  • This quiz has been taken 54 times
    (14 since last reset)
  • The average score is 11 of 25

Answer Stats

Answer% Correct
MindCapLIMBO
91%
CairoXLucid Nightmares
73%
StarkyTheSaladLotus Flower
64%
KrmaLLow Death
64%
CairoXLucid Chaos
64%
TheGalaxyCatLuxtra
55%
JonathanGDThe {Lost Existence}
55%
WOOGI1411Libertas
45%
TheBlackHellLost Love
45%
MoffeLaunchpad Labyrinth
36%
PrankOrigamiLe Fishe
36%
Step4enkolezicuv
36%
dashiell10Lights Out
36%
Konsilimitless
36%
koko43lodin da fish washer
36%
ElviiLonely Lights
36%
NerhyLoochiverse
36%
Darmuthloop
36%
ilnmLa Cueva
27%
PikaSempaiLast Station
27%
CejelostLast Stop
27%
BedrockLateral Myst
27%
AkunakunnLe Midd Mapperoonies
27%
dongchiLight Travel
27%
hechieLUMINA
27%

Score Distribution

Percentile by Number Answered

Percent of People with Each Score

Your Score History

You have not taken this quiz since the last reset